000 01723nam a2200409 i 4500
001 768714001
003 CO-MdFUSB
005 20250801092931.0
006 a|||||s|||| 00| 0
007 cr au uacaa
007 ta
008 190528s2018 ck a|||f |||| 00| 0 spa d
020 _a9789585690899
040 _aCO-MdFUSB
_bspa
_cCO-MdFUSB
_dCO-MdFUSBC
_erda
041 _aspa
082 _224
_aG 261
_bF288mi
245 _aMisiología y antropología
_b: un enfoque bíblico-filosófico
_c/ Fernando Abilio Mosquera Brand con Isaura Espitia Zuñiga
264 1 _aMedellín, Colombia :
_bPublicaciones SBC,
_c℗[2018]
264 4 _c©2018
300 _a95 páginas ;
_c280 cm :
_bilustraciones ;
336 _2rdacontent
_atexto
_btxt
337 _2rdamedia
_asin mediación
_bn
337 _2rdamedia
_ainformático
_bc
338 _2rdacarrier
_avolumen
_bnc
338 _2rdacarrier
_aremoto
_bcr
490 _aFe y desplazamiento
504 _aBibliografía (página 96)
505 _aIntroducción -- Pasiones, instintos y pecado, elementos determinantes de la conducta humana -- La razón como posibilitadora de la conducta humana -- El hombre y su soledad -- El individuo y su sensación de orfandad -- Conclusión -- Dos reflexiones finales del currículo -- Orientación al profesional en el seguimiento de su compromiso
563 _aRústico
650 0 _91177
_aIglesia y problemas sociales
720 _aAsesores pedagógicos: Jhohan Centeno y Saskia Alexandra Donner
830 _aFe y desplazamiento
_p: La misión y el ministerio de la iglesia
856 _uhttps://repositorio.repci.co/handle/123456789/303
942 _cAV
945 _aANF-558
_bAEM-53
999 _c65069
_d65069